Top 30 biggest countries - Statistics

General Stats
  • This quiz has been taken 218 times
  • The average score is 24 of 31
Answer Stats
Hint Answer % Correct
9.597 million km² china
98%
17.13 million km² russia
98%
9.985 million km² canada
97%
8.516 million km² brazil
96%
9.834 million km² united states of america
94%
3.287 million km² india
93%
1.973 million km² mexico
92%
2.78 million km² argentina
91%
7.692 million km² australia
90%
2.382 million km² algeria
88%
2.725 million km² kazakhstan
88%
2.345 million km² democratic republic of the congo
87%
1.564 million km² mongolia
83%
1.01 million km² egypt
82%
1.905 million km² indonesia
81%
1.76 million km² libya
77%
2.15 million km² saudi arabia
77%
1.648 million km² iran
76%
1.22 million km² south africa
76%
1.886 million km² sudan
73%
1.285 million km² peru
72%
1.143 million km² colombia
71%
1.267 million km² niger
69%
1.284 million km² chad
66%
1.24 million km² mali
65%
1.247 million km² angola
61%
1.104 million km² ethiopia
59%
2.208 million km² denmark (including greenland)
57%
1.099 million km² bolivia
54%
1.03 million km² mauritania
54%
945,087 km² tanzania
54%
No matching quizzes found
Score Distribution
Percent of People with Each Score
Percentile by Number Answered
Your Score History
You have not taken this quiz